000 00542nam a2200181Ia 4500
999 _c14509
_d14509
003 OSt
005 20201023105926.0
008 190216s9999||||xx |||||||||||||| ||und||
020 _a9788190626064
040 _coclc
082 _a823
_bKIP/S
100 _aKipling, Rudyard
_95304
245 4 _aThe Second Jungle Book /
_cRudyard Kipling ; Sharvan Kumar ; John Lockwood Kipling
260 _bMind Melodies ,
_c2009.
_aNew Delhi:
300 _a233p
650 _aEnglish
942 _cBK
_2ddc
_h823
_iKIP/S
_k823
_mKIP/S